00789nam a2200229 a 4500001001000000003000500010005001700015008004100032010001100073011001100084040000900095100003000104245007300134260004100207500006000248502007700308650003400385650001900419650002800438650002300466856007000489000111166CHAP20220329144201.0141210s2014 mx fsm |||||||spa d a107628 a108600 cCHAP1 aSoriano Martínez, Edgar10aVerosimilitud compuestah[En línea]cpor Edgar Soriano Martínez. aChapingo, Méx. :bEl autor,c2014. aPara ver el contenido del material haga clic en la liga aTesis (Lic. en Estadística) -- UACH. División de Ciencias Forestales14aCorrelaciones (Estadística)14aEstadística.14aModelos estadísticos.14aProceso de Markov. aFinding aiduhttp://10.13.5.2/tesis/sist111166.pdfzTeclea aquí